000 00606nam a2200205Ia 4500
999 _c10056
_d10056
003 OSt
005 20191227094558.0
008 190216s9999||||xx |||||||||||||| ||und||
020 _a0333929039
040 _coclc
082 _a338.52
_bRYA/P
100 1 _aRyan, W. J. L.
_9814
_q(William James Louden)
245 0 _aPrice Theory /
_cW J L Ryan ; D W Pearce
250 _a1st ed.
260 _bMacmillan India Ltd,
_c1996.
_aDelhi:
300 _a399p
650 _aEconomics
700 1 _9815
_aPearce, David W.
_q(David William)
942 _cBK
_2ddc
_h338.52
_iRYA/P
_k338.52
_mRYA/P